Quiz z Shortów Geomexa - Statystyki

Ogólne statystyki
  • Ten quiz został rozwiązany 28 razy
  • Średni wynik to 8 z 15
Statystyki odpowiedzi
Wskazówka Odpowiedź % Poprawnych
Najczęstszy symbol występujący na flagach Gwiazda
81%
Najbardziej zbombardowany kraj na świecie Laos
76%
Flaga która posiada najwięcej koloru różowego(bez terytorii zależnych) Hiszpania
71%
Kraj który nie posiada koloru: Białego, czerwonego oraz niebieskiego na swojej fladze Jamajka
67%
Kraj w Europie w którym prawie nigdy nie odnotowano ujemnej temperatury Malta
67%
Najbrzydsza flaga na świecie Białoruś
62%
Kraj w Europie który ma dwie stolice (nie licząc Holandii) Czarnogóra
52%
Kraj który nigdy nie zmienił swojej flagi Dania
52%
Kraj który jako jedyny na świecie zmieniłby flagę w trakcie trwania wojny Filipiny
52%
Kraj który stracił najwięcej terytoriów w całej historii Watykan
52%
Trzeci kraj który ma najwięcej uchodźców z Ukrainyw Europie Czechy
48%
Najkrótsza nazwa miejscowości w Polsce
29%
Najbardziej zbliżony kraj do Hiszpanii pod względempowierzchni Tajlandia
29%
Najstarsze miasto w Polsce Złotoryja
24%
Trzeci najpopularniejszy fast-food w Polsce Da Grasso
5%
Nie znaleziono quizów pasujących do podanych kryteriów
Rozkład punktacji
Procent ludzi z każdym wynikiem
Percentyl według liczby udzielonych odpowiedzi
Twoja historia wyników
Nie rozwiązałeś tego quizu